000 01048nam a22003137a 4500
001 BR9100806
003 BR-BrBNA
005 20230928093523.0
007 ta
008 230509b bl.||||| |||| 00| 0 por d
040 _aBR-BrBNA
_bpor
_cBiblioteca Nacional de Agricultura
041 _a(Por)
072 _aF61; P34
_b3140
_b3820
090 _ 3140 BR9100806
100 1 _aHenriques, A.B.
110 1 _aUniversidade Federal de Vicosa, MG (Brasil)
_0Tese (Magister Scientiae)
245 1 _aAbsorcao e assimilacao de nitrogenio em Pinus caribaea Var. hondurensis em associacao micorrizica com Pisolithus tinctorius
260 3 _aVicosa, MG (Brasil):
_c1991.
300 _a72 p.
500 _a20 tables; Bibliography p. 50-62 (128 ref.); Summary (Por). (*) Documento disponível na(o) Universidade Federal de Vicosa, MG (Brazil)
650 _aPINHEIRO
650 _aNITROGENIO
650 _aABSORCAO
650 _aMICORRIZA
650 _aFUNGO
650 _aNUTRICAO VEGETAL
909 _a202309
_bLucia
_c55
_dLucia Elande
942 _cBK
999 _c45466
_d45466